000 00470nam a2200193Ia 4500
003 OSt
005 20251010103513.0
008 250729s2005 xx 000 0 und d
020 _a9789387436046
040 _cAL
041 _aeng
082 _a372.25 KAMT
100 _aKamat H D
_9222909
245 _aTeaching in elementary schools
260 _aNew Delhi
_bCommonwealth Publishers
_c2005
300 _a331p
650 _aEducation
_9222910
942 _2ddc
_cBED
999 _c235664
_d235664